<?xml version="1.0" encoding="UTF-8"?>
<collection xmlns="http://www.loc.gov/MARC21/slim">
 <record>
  <leader>01796nmm a2200325 a 4500</leader>
  <controlfield tag="001">1/24521</controlfield>
  <controlfield tag="008">050209s2002    nyu        m        eng  </controlfield>
  <datafield tag="020" ind1=" " ind2=" ">
   <subfield code="a">3540149457</subfield>
  </datafield>
  <datafield tag="035" ind1=" " ind2=" ">
   <subfield code="l">26286</subfield>
  </datafield>
  <datafield tag="040" ind1=" " ind2=" ">
   <subfield code="a">GR-PeUP</subfield>
  </datafield>
  <datafield tag="082" ind1="0" ind2="0">
   <subfield code="a">CD-ROM 611.81 HAL</subfield>
  </datafield>
  <datafield tag="100" ind1="1" ind2=" ">
   <subfield code="a">Hall, Marion,</subfield>
   <subfield code="d">1953-</subfield>
  </datafield>
  <datafield tag="245" ind1="1" ind2="4">
   <subfield code="a">The human brain</subfield>
   <subfield code="h">[electronic resource] :</subfield>
   <subfield code="b">An introduction to the human nervous system /</subfield>
   <subfield code="c">Marion Hall, David Robinson</subfield>
  </datafield>
  <datafield tag="260" ind1=" " ind2=" ">
   <subfield code="a">[New York] :</subfield>
   <subfield code="b">Springer-Verlag Electronic Media,</subfield>
   <subfield code="c">2002</subfield>
  </datafield>
  <datafield tag="300" ind1=" " ind2=" ">
   <subfield code="a">1 CD-ROM</subfield>
  </datafield>
  <datafield tag="538" ind1=" " ind2=" ">
   <subfield code="a">Απαιτήσεις συστήματος: PC with Pentium processor; 16 MB RAM; Windows 95 or higher; 19 MB free on hard disc; CD-ROM drive (twin speed); SVGA graphics card; sound card and speakers</subfield>
  </datafield>
  <datafield tag="500" ind1=" " ind2=" ">
   <subfield code="a">Τίτλος από ετικέτα CD-ROM</subfield>
  </datafield>
  <datafield tag="500" ind1=" " ind2=" ">
   <subfield code="a">&quot;This CD-ROM has been developed by The Open University as a companion to the textbook &quot;Neurobiology&quot; by D. Robinson (Ed.). It can also be used as a stand-alone product.&quot;--Container</subfield>
  </datafield>
  <datafield tag="520" ind1=" " ind2=" ">
   <subfield code="a">Provides an introduction to the human nervous system. Features text, voice-over (providing guidance to the pronunciation of Latin names), and interactive images, including a rotatable 3D model of the brain.</subfield>
  </datafield>
  <datafield tag="505" ind1="0" ind2=" ">
   <subfield code="a">How to use the system -- Overview -- Hands on brain -- Cerebral Cortex -- Spinal cord -- Vision -- Hearing -- Speech.</subfield>
  </datafield>
  <datafield tag="650" ind1=" " ind2="4">
   <subfield code="a">Brain</subfield>
   <subfield code="x">Anatomy.</subfield>
  </datafield>
  <datafield tag="650" ind1=" " ind2="4">
   <subfield code="a">Neuroanatomy.</subfield>
  </datafield>
  <datafield tag="650" ind1="1" ind2="4">
   <subfield code="a">Brain</subfield>
   <subfield code="x">anatomy &amp; histology.</subfield>
  </datafield>
  <datafield tag="650" ind1="2" ind2="4">
   <subfield code="a">Central Nervous System</subfield>
   <subfield code="x">anatomy &amp; histology.</subfield>
  </datafield>
  <datafield tag="700" ind1="1" ind2=" ">
   <subfield code="a">Robinson, David,</subfield>
   <subfield code="d">1949-</subfield>
  </datafield>
  <datafield tag="710" ind1="2" ind2=" ">
   <subfield code="a">Open University.</subfield>
  </datafield>
  <datafield tag="710" ind1="2" ind2=" ">
   <subfield code="a">British Broadcasting Corporation.</subfield>
  </datafield>
  <datafield tag="710" ind1="2" ind2=" ">
   <subfield code="a">Springer Electronic Media.</subfield>
  </datafield>
  <datafield tag="852" ind1=" " ind2=" ">
   <subfield code="a">INST</subfield>
   <subfield code="b">UNIPILB</subfield>
   <subfield code="c">MMEDIA</subfield>
   <subfield code="e">20050209</subfield>
   <subfield code="h">CD-ROM 611.81 HAL</subfield>
   <subfield code="p">00145859</subfield>
   <subfield code="q">00145859</subfield>
   <subfield code="t">LOAN</subfield>
   <subfield code="y">0</subfield>
   <subfield code="4">1</subfield>
  </datafield>
  <datafield tag="856" ind1="4" ind2=" ">
   <subfield code="d">/webopac/covers/02/26286_3540149457.jpg</subfield>
  </datafield>
 </record>
</collection>
